Komparácia finančno-ekonomickej výkonnosti poľnohospodárskych podnikov v Slovenskej a Českej republike
Zhodnotenie vývoja a dosiahnutej úrovne finančno-ekonomickej výkonnosti podnikov poľnohospodárskej prvovýroby v Slovenskej republike a jej komparácia s poľnohospodárskymi podnikmi v Českej republike. CH-index a Index bonity.
Gespeichert in:
| 1. Verfasser: | |
|---|---|
| Weitere Verfasser: | , |
| Format: | Buchkapitel |
| Sprache: | Slowakisch |
| Schlagworte: | |
| Tags: |
Keine Tags, Fügen Sie das erste Tag hinzu!
|
MARC
| LEADER | 00000naa$a2200000$$$4500 | ||
|---|---|---|---|
| 001 | 0004088 | ||
| 005 | 20231004074635.8 | ||
| 041 | 0 | |a slo | |
| 044 | |a SK | ||
| 245 | 1 | 0 | |a Komparácia finančno-ekonomickej výkonnosti poľnohospodárskych podnikov v Slovenskej a Českej republike |c aut. Žofia Hacherová, Ingrid Pribilovičová, Richard Hulík |
| 520 | |a Zhodnotenie vývoja a dosiahnutej úrovne finančno-ekonomickej výkonnosti podnikov poľnohospodárskej prvovýroby v Slovenskej republike a jej komparácia s poľnohospodárskymi podnikmi v Českej republike. CH-index a Index bonity. | ||
| 610 | 2 | 0 | |a Česko |
| 610 | 2 | 0 | |a Slovensko |
| 610 | 2 | 0 | |a podnik poľnohospodársky |
| 610 | 2 | 0 | |a rentabilita podniku |
| 610 | 2 | 0 | |a likvidita podniku |
| 610 | 2 | 0 | |a dlhy |
| 610 | 2 | 0 | |a výkonnosť ekonomiky |
| 610 | 2 | 0 | |a porovnanie medzipodnikové |
| 100 | 1 | |a Hacherová, Žofia | |
| 700 | 1 | |a Pribilovičová, Ingrid | |
| 700 | 1 | |a Hulík, Richard | |